000 00371nam a22001457a 4500
005 20250628123803.0
008 250628b |||||||| |||| 00| 0 eng d
020 _a9780802825308
050 _aBS1525
100 _aTHOMPSON J.A.
245 _aTHE BOOK OF JEREMIAH;
260 _aMICHIGAN
_bW. B.EERDMANS PUBLISHING Co.
_cc1980
300 _axii, 819p
942 _2lcc
_cBK
_n0
999 _c6761
_d6761